| 000 | 00453nam a2200193Ia 4500 | ||
|---|---|---|---|
| 008 | 170918s9999 xx 000 0 und d | ||
| 020 | _a43956848X | ||
| 050 | _bS859 1993 | ||
| 100 | _aStine, R.L. | ||
| 245 | 4 | _aThe werewolf of fever swamp / | |
| 245 | _cby R.L. Stine. | ||
| 260 | _aNew York : | ||
| 260 | _bScholastic, | ||
| 260 | _c1993 | ||
| 300 | _a123 pages : | ||
| 300 | _billustrations ; | ||
| 300 | _c19cm. | ||
| 300 | _eGoosebumps. | ||
| 999 |
_c343835 _d343835 |
||